[Event "Qatar Masters op"]
[Site "Doha"]
[Date "2015.12.26"]
[Round "6"]
[White "So, Wesley"]
[Black "Carlsen, Magnus"]
[Result "1/2-1/2"]
[WhiteElo "2775"]
[BlackElo "2834"]
[Annotator "Marin,Mihail"]
[PlyCount "77"]
[EventDate "2015.12.20"]
[EventType "swiss"]
[EventRounds "9"]
[EventCountry "QAT"]
[SourceTitle "CBM 170"]
[Source "ChessBase"]
[SourceDate "2016.01.15"]
[SourceVersion "1"]
[SourceVersionDate "2016.01.15"]
[SourceQuality "1"]

1. e4 e5 2. Nf3 Nc6 3. Bb5 a6 4. Ba4 Nf6 5. O-O Be7 6. Re1 b5 7. Bb3 O-O 8. c3 d6 9. h3 Na5 {The Chigorin is a rare guest in Carlsen's play.} 10. Bc2 c5 11. d4 Qc7 {But only this move is "new" for his repertoire.} 12. Nbd2 Bd7 13. Nf1 Nc4 $5 {This old specialty of Tigran Vartanovich Petrosian is one of the systems I recommended in "A Spanish Repertoire for Black". Instead of putting pressure on the white centre with committal moves such as ...b7 or ...a5-c6, usually met with d4-d5, Black keeps the global harmony of his position.} (13... Rfe8) (13... cxd4 14. cxd4) 14. b3 (14. Ne3 Nxe3 15. Bxe3 {absolves Black of the problem of finding a good square for his queen's knight.} Rfc8 {This was one (and probably the best) choices of Petrosian.} ({The latest game with this system went} 15... Rfe8 16. d5 {Not really necessary since Black was not threatening to break open the centre} c4 17. Nh2 a5 18. a3 Rab8 19. Bd2 h6 20. Nf1 Nh7 21. Ne3 Bg5 $11 {Naroditsky,D (2622)-Glud,J (2531) Helsingor 2015 (½-½, 24)}) ({Things did not go well for Petrosian in the following game which became famous for his trademark exchange sacrifice:} 15... Be6 16. Nd2 Rfe8 17. f4 Rad8 18. fxe5 dxe5 19. d5 Bd7 20. c4 Rb8 21. a4 b4 22. a5 Rf8 23. Ba4 Bxa4 24. Rxa4 Rbd8 25. Qf3 Rd6 26. Nb3 Nd7 27. Raa1 Rg6 28. Rf1 Bd6 29. h4 Qd8 30. h5 Rf6 31. Qg4 Rf4 $5 {Tal,M-Petrosian,T Riga 1958 URS-ch [ChessBase] (½-½, 73). This position is mentioned by Tal in his foreward to the modern edition of Nimzowitsch's "My system" in Russian.}) 16. Rc1 Bc6 17. Nd2 cxd4 18. cxd4 Qb7 19. d5 Be8 20. Qe2 Bd8 {Karpov,A (2705)-Petrosian,T (2645) Milan 1975 (½-½, 28), with a perfect regrouping for Black.}) ({Against} 14. d5 {Petrosian designed the paradoxical retreat} Nb6 $5 {The main idea is that in order to develop his bishop without having to return at once after ...b6-c4, White would need to play b2-b3. In that case Black could speed up his queenside counterplay with the knight optimally placed.} 15. g4 (15. N3h2 Ne8 16. Ng3 g6 17. Bh6 Ng7 18. Nhf1 Qd8 19. f4 exf4 20. Bxf4 Nc4 21. Qc1 Bf6 22. Bd3 Ne5 $15 {Palac,M (2591)-Delchev,A (2598) Skopje 2015 (½-½, 42)}) (15. b3 a5 {[%cal Gc5c4,Ra5a4]}) 15... h5 $1 16. gxh5 ({In a modern game White reacted poorly:} 16. N3h2 hxg4 17. hxg4 Nh7 18. Ng3 Bg5 $15 {Dvirnyy,D (2459)-Vocaturo,D (2480) Brescia 2009 (0-1, 49)}) 16... Bxh3 17. N3h2 Bxf1 18. Nxf1 Qd7 19. Ng3 Qh3 20. Qf3 g6 21. Bd1 Rfe8 22. Qg2 Qxg2+ 23. Kxg2 {Kasparov,G-Petrosian,T (2610) Banja Luka 1979 (½-½, 23)}) 14... Nb6 15. Ne3 c4 {Virtually forced since White was threatening dxe5 followed by c3-c4 and d5.} 16. Ba3 Rfe8 17. Qd2 Bf8 {A typical position for this line: White cannot fully enjoy his advantage in the centre due to Black's queenside pressure.} 18. bxc4 {A rare move. White usually tries increasing the pressure in the centre, but without any special consequences.} (18. Rad1 a5 19. dxe5 dxe5 20. Bxf8 Kxf8 21. Nd5 (21. Qd6+ Qxd6 22. Rxd6 cxb3 23. axb3 Nc8 24. Rd2 Nb6 25. c4 bxc4 26. bxc4 Rac8 $11 {The same line with a white rook on a1, resulting after 18.ed1 given below, would not work since the a5- and e5-pawns would be hanging.}) 21... Nbxd5 22. exd5 Qd6 $2 (22... cxb3 23. axb3 Rac8 24. Re3 e4 25. Ne1 Qb6 $15) 23. bxc4 bxc4 24. Qe3 e4 25. Nd2 Nxd5 26. Qd4 $16 {Nijboer,F (2552)-Bosch,J (2456) Dieren 2009 (1-0, 33)}) (18. Rab1 a5 19. bxc4 Nxc4 20. Nxc4 bxc4 21. d5 Rab8 22. Qe2 {Nijboer,F (2583)-Pruijssers,R (2487) Groningen 2011 (1-0, 59)} Nh5 $5 23. g3 g6) (18. Red1 a5 (18... Bc6 {looks like the best way to take advantage of the rook's departure from e1.}) 19. dxe5 dxe5 20. Bxf8 Kxf8 21. Qd6+ Qxd6 22. Rxd6 Nc8 23. Rd2 cxb3 24. axb3 Bc6 (24... Nb6 25. c4 $14 {[%cal Ge3d5]}) 25. Nd5 (25. c4 $1 bxc4 26. Nxc4 $14) 25... Bxd5 26. exd5 Nd6 $15 {Bildat,J (2098)-Wenzel,B (2072) Hamburg 2011 (½-½, 36)}) 18... Nxc4 19. Nxc4 bxc4 20. Rab1 Rab8 21. Rxb8 $146 (21. Rbd1 Rb6 22. Bb4 {1-0 (51) Bannik,A-Lilienthal,A Yerevan 1954} Rb7) ({RR} 21. Rbd1 Rb6 22. Bb4 Qa7 23. Qe3 Rbb8 24. Qe2 Qc7 25. Rd2 a5 26. Ba3 Nh5 27. Qd1 Nf4 28. dxe5 Bxh3 29. exd6 Qd7 30. Nh4 Re5 31. Re3 Rg5 32. Rg3 Rxg3 33. fxg3 Bg4 34. Qe1 Ne2+ 35. Rxe2 Bxe2 {Bannik,A-Lilienthal,A Yerevan 1954 1-0 (51)}) 21... Rxb8 22. Bb4 {Securing the bishop against the threat ...a5.} h6 23. Rd1 a5 24. Ba3 {The position is about equal. In principle, one would say that it could only be White who might take a decision in the centre, but Carlsen thinks differently.} Bc6 $5 ({A waiting move such as} 24... Rb7 {possibly followed by ...b7-b8, would have given White a hard job making any shadow of progress.}) 25. Qe2 (25. dxe5 $6 dxe5 26. Bxf8 Kxf8 27. Qd6+ $2 Qxd6 28. Rxd6 Bxe4 $17 {[%csl Ga2,Gc3]}) 25... exd4 $5 (25... Bd7 $11) 26. Qxc4 {Any other capture would be met with ...xe4, based on different tactical nuances.} (26. cxd4 Bxe4 27. Bxe4 Re8 28. Nd2 d5 $17) (26. Rxd4 Bxe4 27. Bxe4 d5 28. Bxf8 Nxe4 29. Bxg7 (29. Ba3 Nxc3 30. Qe3 Rb1+ 31. Ne1 Nb5 $17) 29... Kxg7 30. Qc2 Qb6 31. Rxd5 Qb1+ 32. Qxb1 Rxb1+ 33. Kh2 Nxc3 34. Rxa5 Nd1 $11 {[%csl Gf2][%cal Gc4c3]}) (26. Nxd4 Bxe4 27. Bxe4 Nxe4 28. Qxe4 d5 29. Qxd5 Rd8 {It is important to pin the white knight.} (29... Bxa3 $2 30. Nb5 Qe7 31. Nxa3 Qxa3 32. Qxc4 $16) 30. Qb5 Bxa3 $11) 26... dxc3 27. Qxc3 Rc8 28. Qd4 {Optically, White has the better structure but in fact his e4-pawn is just as vulnerable as the d6-pawn. Defending it with f2-f3 would create weaknesses on the dark squares so all in all the position remains balanced.} Bd5 $5 {An amusing way to anticipate a possible attack along the a2-g8 diagonal..} (28... Bb7 29. Bd3 Nd7 30. Rc1 Nc5 $11) 29. Bb1 (29. Rc1 $5 Be6 $1 (29... Bxa2 $6 30. Qa1 Be6 31. e5 dxe5 32. Bh7+ $14) 30. Bb3 Qd7 $11) 29... Be6 {If White does not create mating threats along the b1-h7 diagonal the bishop risks becoming a sourece of worries.} 30. Qe3 Rb8 (30... d5 $5 31. Bxf8 Rxf8 32. e5 Ne4 33. Rc1 Qb8 34. Nd4 {The perfect blockade on d4 is compensated for by the queenside weaknesses.} Qb2 $132 (34... Qxe5 35. f3 Qg5 36. Qxg5 Nxg5 37. Rc5 Ra8 38. Kf2 $44)) 31. Nd4 Bd7 32. Rc1 Qb6 {The game lasts for a few more moves but neither of the players managed to find a constructive plan to improve his position.} 33. Qd2 Re8 34. Re1 a4 35. Bc2 Qb7 36. Qd3 Qc7 37. Qd2 Qb7 38. Qd3 Qc7 39. Qd2 1/2-1/2

[Event "Qatar Masters op"]
[Site "Doha"]
[Date "2015.12.27"]
[Round "7"]
[White "Carlsen, Magnus"]
[Black "Giri, Anish"]
[Result "1/2-1/2"]
[WhiteElo "2834"]
[BlackElo "2784"]
[Annotator "ChessBase"]
[PlyCount "103"]
[EventDate "2015.12.20"]
[EventType "swiss"]
[EventRounds "9"]
[EventCountry "QAT"]
[SourceTitle "CBM 170"]
[Source "ChessBase"]
[SourceDate "2016.01.15"]
[SourceVersion "1"]
[SourceVersionDate "2016.01.15"]
[SourceQuality "1"]
[TimeControl "6000+670"]
[WhiteClock "0:32:18"]
[BlackClock "0:26:39"]

1. e4 c5 2. Nf3 d6 3. d4 Nf6 4. Nc3 cxd4 5. Nxd4 a6 6. Be2 {Carlsen - mit einem halben Punkt Vorsprung in der Tabelle - scheut riskante Varianten und versucht mit diesem System einen kleinen Vorteil zu bekommen und danach zu drücken.} e5 7. Nb3 Be7 8. Bg5 Be6 (8... Nc6 $5 {war Carlsens Wahl in der vierten Runde} 9. Qd3 Nb4 10. Qd2 h6 11. Bxf6 Bxf6 12. Nd5 Nxd5 13. Qxd5 Qc7 14. O-O-O Be7 15. Kb1 Be6 $15 {0-1 (42) Duda,J (2663)-Carlsen,M (2834) 2015}) 9. Bxf6 Bxf6 10. Qd3 Be7 11. Nd5 Nd7 12. Rd1 (12. O-O-O Bxd5 13. Qxd5 Qc7 $11 {bringt etwas Schärfe in die Stellung, doch gibt Schwarz auch einen potentiellen Königsangriff}) 12... Bxd5 13. Qxd5 Qc7 {Diagramm [#] Ein sehr typisches Szenario der Najdorf-Variante: Weiß hat das Feld d5 fest unter Kontrolle und setzt nun alles daran, eine Leichtrigur, im Optimalfall den Springer dorthin zu bringen. Mögliche Zugangsfelder sind e3 und b4, da der Bauer auf c2 auf c3 gestellt werden muss, da er ansonsten schwer zu decken ist. Nach e3 oder b4 kommt der Springer am besten über d2-f1-->e3 oder a1-c2 --> e3/b4} 14. Nd2 {bringt den Springer über zweitgenannte Route auf den Weg Richtung d5 - wo er allerdings nie ankommen wird} (14. Qc4 Qxc4 15. Bxc4 Nf6 16. Bd5 Nxd5 17. Rxd5 Rc8 {ist die optimale Figurenverteilung für Weiß, doch auch hier ist der Sb3 zu weit vom Idealziel d5 entfernt - zudem kann Schwarz schnell seine Entwicklung vollenden und mit .. .f5 das weiße Zentrum attackieren.} 18. c3 g6 19. Ke2 Kd7 20. Rhd1 Ke6 21. Nd2 f5 22. a4 Rhd8 23. c4 Rc6 24. b3 Rf8 25. f4 exf4 26. Kf3 Rc5 27. Re1 Kd7 28. Rxc5 dxc5 29. exf5 Rxf5 30. Ne4 h5 31. Nc3 g5 32. h3 Bd6 33. Nd5 Be5 34. h4 gxh4 35. Rh1 Rg5 36. Rxh4 Rg3+ 37. Ke4 Bd6 38. Rxh5 Rxb3 39. Rh6 Rb2 40. Nf6+ Kc6 41. Kf5 Bb8 42. a5 {1/2-1/2 (42) Vachier Lagrave,M (2766)-Wojtaszek,R (2733) Biel 2014}) (14. c3 $5 O-O 15. O-O b5 16. Na1 {[%cal Ga1c2,Gc2b4,Gc2e3] wäre die Alternative gewesen: Der Vorteil von dem Sc2 ist klar ersichtlich: Schwarz muss sich um beide Problemfelder gleichzeitig kümmern}) ({RR} 14. O-O O-O 15. c4 Rfc8 16. Qd3 Rd8 17. Bg4 Nf6 18. Bh3 b5 19. Rc1 Qb6 20. Nd2 Qb7 21. Rfe1 Bf8 22. b3 g6 23. Rc2 Bh6 24. Nf1 bxc4 25. Rxc4 a5 26. g3 Qb5 27. Qf3 Kg7 28. Ne3 Bxe3 {Putnam,L (2462)-Griffith,K (2403) New York USA 2025 1-0 (42)}) 14... O-O 15. O-O (15. Nc4 $6 {funktioniert ohne Rochade nicht} Nf6 16. Qd3 b5 17. Ne3 Qa5+ {[%csl Ga2]}) 15... b5 16. c3 g6 $146 ({RR} 16... Rad8 17. Bf3 Kh8 18. Rfe1 Nb6 19. Qb3 d5 20. Nf1 f5 21. exd5 e4 22. Be2 Qc5 23. Ng3 Bh4 24. Qb4 Qxb4 25. cxb4 Nxd5 26. a3 g6 27. Bf1 Bf6 {½-½ (27) Makka,I (2167)-Cramling Bellon,A (1978) Caleta 2018}) ({RR} 16... Rfd8 17. Rfe1 Bg5 18. Nf1 Nf6 19. Qd3 Qc5 20. Bf3 Rac8 21. g3 h5 22. h4 Bh6 23. a3 g6 24. Kg2 Qc4 25. Ne3 Bxe3 26. Qxe3 Kg7 27. Rd2 Qc5 28. Qd3 Qb6 29. Qe3 Qxe3 30. Rxe3 Kf8 31. Bd1 {Guliev,L (2389)-Idani,P (2496) Nakhchivan 2015 ½-½ (80)}) 17. a3 {mit der möglichen Drohung c4 - folgende Konstellation wäre für Weiß gut} Rab8 (17... Rfe8 $2 18. c4 Nb6 19. Qd3 bxc4 20. Nxc4 Nxc4 21. Qxc4 Qxc4 22. Bxc4 $16) 18. Rfe1 Rfd8 19. Qa2 (19. Nf1 $2 Nf6 20. Qd3 d5 $15) 19... Nc5 20. Bf1 Bg5 21. Nb3 {spätestens hier ist klar, dass der weiße Plan nicht aufgegangen ist, der Springer hat auf b3 keine Zukunft} Qc6 22. Na5 Qc7 23. Nb3 Qc6 24. Rd5 Nd7 25. Rd3 Nc5 26. Rf3 $5 (26. Rd5 {mit Remisschluss wäre eine logische Folge gewesen. Doch Carlsen findet eine interessante Ressource, der Partie noch einmal Leben einzuhauchen.}) 26... Rd7 {Diagramm [#]} 27. Na5 Qa8 28. Qd5 Qxd5 29. exd5 {Schwarz ist von seinem Problemfeld d5 erlöst und kann nun seine Bauernmehrheit auf den Vormarsch bringen. Weiß hingegen hat mit b4 nebst c4 und Spiel auf den weißen Feldern einen ebenso konkreten Plan.} e4 30. Rh3 f5 31. Nc6 Rb6 32. b4 Na4 33. c4 Rc7 34. Rb3 {soweit verlief in diesem Partiestadium alles logisch, nun ist es für beide Seiten schwer die Stellung wirklich zu verstärken ohne große Schwächen zu kreieren.} Bd2 {gibt das Zugrecht ab, allerdings steht der Turm auf d1 schlechter als auf e1} (34... Bf6 35. f3 $13) 35. Rd1 Bg5 36. g3 Bf6 37. Rc1 Rbxc6 $5 {nicht erzwungen, da c5 wohl nicht drohte, aber aussichtsreich} (37... Kg7 38. f3 $5 $13 (38. c5 $2 Rbxc6 39. dxc6 Rxc6 $15)) 38. dxc6 Rxc6 39. Rbb1 Bg5 40. Rc2 d5 41. c5 d4 42. Rd1 Bf6 $1 (42... d3 $2 43. Bxd3 exd3 44. Rxd3 $16) 43. Rcd2 Nc3 {wickelt in ein Endspiel ab, dass mit etwas genauem Spiel von Schwarz remis ist} 44. Rxd4 Nxd1 45. Rxd1 Bb2 46. Rd8+ Kf7 47. Ra8 Bxa3 48. Bxb5 Rc7 (48... axb5 $2 49. Rxa3 $16) 49. Rxa6 Bxb4 50. c6 Ke7 51. Rb6 Bd6 52. Rb7 1/2-1/2

[Event "Qatar Masters op"]
[Site "Doha"]
[Date "2015.12.29"]
[Round "9"]
[White "Carlsen, Magnus"]
[Black "Kramnik, Vladimir"]
[Result "1/2-1/2"]
[WhiteElo "2834"]
[BlackElo "2796"]
[PlyCount "60"]
[EventDate "2015.12.20"]
[EventType "swiss"]
[EventRounds "9"]
[EventCountry "QAT"]
[SourceTitle "CBM 170"]
[Source "ChessBase"]
[SourceDate "2016.01.15"]
[SourceVersion "1"]
[SourceVersionDate "2016.01.15"]
[SourceQuality "1"]

1. e4 e5 2. Nf3 Nc6 3. Bb5 Nf6 4. O-O Nxe4 5. Re1 Nd6 6. Nxe5 Be7 7. Bf1 Nxe5 8. Rxe5 O-O 9. d4 Bf6 10. Re1 Re8 11. c3 Rxe1 12. Qxe1 Ne8 13. Bf4 d5 14. Bd3 g6 15. Nd2 Ng7 16. Nf3 Bf5 17. Bxf5 Nxf5 18. Qe2 c6 19. Re1 Ng7 20. Be5 Bxe5 21. Nxe5 Qd6 22. Qf3 f6 23. Nd3 Re8 24. Rxe8+ Nxe8 25. Qe3 Ng7 26. h3 Kf7 27. Qh6 Kg8 28. Qe3 Kf7 29. Qh6 Kg8 30. Qe3 Kf7 $146 ({RR} 30... g5) 1/2-1/2